=LDR 00000nam 2200000 4500 =001 INLIS000000000024373 =005 20130612122950 =008 ***********************************Ind** =035 ##$$0010-061300000024373 =041 ##$$a Ind =082 ##$$a 618.928 =090 ##$$a 618.928, Juw p =100 ##$$a Juwono. T =245 ##$$a Penataleksanaan kasus-kasus darurat neorologi =260 ##$$a 1993 $b Jakarta =300 ##$$a 106 hlm, 21 cm =650 ##$$a Neorologi anak =850 ##$$a NBPNMAT